000 01203nam0a22003251 4500
001 rc\4708772
005 20250612160809.0
021 _aRU
_b[60-65633]
035 _a(NLR Aleph) 008722818
090 _a9428539
_c9428539
100 _a20130416d1960 |||y0rusy50 ca
101 0 _arus
102 _aRU
105 _aa z |||||
200 1 _aЯрославль
210 _aМосква
_cГосстройиздат
_d1960
215 _a278 с.
_cил.
_d27
225 1 _aГорода Советского Союза в памятниках зодчества
300 _aНа переплете авт. не указаны
320 _aБиблиогр.: с. 256-259; иконогр.: с. 253-255
606 _aРусская архитектура
_z17-20 вв.
_2psbo
606 _aМонументальная живопись, русская
_2psbo
606 _aАрхитектурные памятники
_yЯрославль
_2psbo
700 1 _aСуслов
_bА.И.
_gАлексей Ильич
701 1 _aЧураков
_bС.С.
_gСергей Сергеевич
801 0 _aRU
_bNLR
_gpsbo
801 1 _aRU
_bELAR
_2rusmarc
852 _aNLR
_j60-7/1999
942 _cBOOK
980 _aNB